A syntopicon of great books of the western world

Gardado en:
Detalles Bibliográficos
Autor Principal: Adler, Mortimer Jerome (Author)
Formato: Libro
Idioma:inglés
Publicado: Chicago Encyclopaedia Britannica 1952
Series:Great Books of the Western World, 2-3
Subjects:
Tags: Engadir etiqueta
Sen Etiquetas, Sexa o primeiro en etiquetar este rexistro!

MARC

LEADER 00000nam a2200000 a 4500
001 UCM8098
003 CL-VaPUC
008 030124e19520000US |||||||||||||||||eng|d
082 0 4 |a 028.12  |b ADL  |2 21 
100 0 |a Adler, Mortimer Jerome  |e author  |9 474065 
245 1 2 |a A syntopicon of great books of the western world 
300 |a 2 v 
942 |c BK 
945 |d 20030124 00:00:00  |a cmena 
260 |a Chicago  |b Encyclopaedia Britannica  |c 1952 
500 |a v.1: Angel to love 
500 |a v.2: Man to world 
650 7 |a INDICES DE LIBROS  |2 CL-VaPUC  |9 376065 
650 7 |a RESEÑAS DE LIBROS  |2 CL-VaPUC  |9 308900 
583 |a last modification  |c 20190624 10:22:39  |k Rodrigo Vera 
490 0 |a Great Books of the Western World, 2-3 
999 |c 302705  |d 302703 
952 |0 0  |1 0  |4 0  |6 028_120000000000000_ADL_1952  |7 0  |8 P  |9 363415  |a BIBGIM  |b BIBGIM  |d 2019-11-21  |h v.1  |i 3878295  |o 028.12 ADL 1952  |p 3878295  |r 2025-01-15  |w 2019-11-21  |y BK  |k GIM 
952 |0 0  |1 0  |4 0  |6 028_120000000000000_ADL_1952  |7 0  |8 P  |9 363416  |a BIBGIM  |b BIBGIM  |d 2019-11-21  |h v.2  |i 3878309  |o 028.12 ADL 1952  |p 3878309  |r 2025-01-15  |w 2019-11-21  |y BK  |k GIM